000
00262nam a22001097a 4500
100
_a
Richards, Norah
245
_a
Life & work of sir S.S Bhatnagar
250
_a
2004
260
_b
National inst of sci,Tech,Development studies
300
_a
270
942
_2
ddc
_c
BB
999
_c
8971
_d
8971